<?xml version="1.0" encoding="UTF-8"?>
<record
    xmlns:xsi="http://www.w3.org/2001/XMLSchema-instance"
    xsi:schemaLocation="http://www.loc.gov/MARC21/slim http://www.loc.gov/standards/marcxml/schema/MARC21slim.xsd"
    xmlns="http://www.loc.gov/MARC21/slim">

  <leader>01430nam a2200253 i 4500</leader>
  <controlfield tag="001">162000</controlfield>
  <controlfield tag="003">ES-MaACL</controlfield>
  <controlfield tag="005">20250830020105.0</controlfield>
  <controlfield tag="008">931025s1757    be           |||| | lat d</controlfield>
  <datafield tag="040" ind1=" " ind2=" ">
    <subfield code="a">CYL </subfield>
    <subfield code="b">spa </subfield>
    <subfield code="c">PAB</subfield>
  </datafield>
  <datafield tag="100" ind1="0" ind2=" ">
    <subfield code="a">Petrus Lombardus (</subfield>
    <subfield code="d">ca. 1095-1160)</subfield>
    <subfield code="9">131075</subfield>
  </datafield>
  <datafield tag="245" ind1="1" ind2="0">
    <subfield code="a">Petri Lombardi novariensis Episcopi parisiensis, Sententiarum libri quatuor ... / </subfield>
    <subfield code="c">per Ioannem Aleaume ... ; nunc prim&#xF9;m vere restituti &amp; indicibus, ac numeris authorum libros &amp; capita monstrantibus quam fidelissim&#xE8; absoluti ; ad calcem operis subjiciuntur articuli erronei ... , atque ab eorum assertoribus recantati, adiectis nonnullis ipsius magistri, in quibus communiter non approbatur ; accessit etiam recens tabula in primum sententiarum librum F. Roberti Wiarti...</subfield>
  </datafield>
  <datafield tag="260" ind1=" " ind2=" ">
    <subfield code="a">Antuerpiae : </subfield>
    <subfield code="b">sumptibus Marci-Michael Bousquet &amp; Socii, </subfield>
    <subfield code="c">1757.</subfield>
  </datafield>
  <datafield tag="300" ind1=" " ind2=" ">
    <subfield code="a">XXXVIII, [2] en bl., 685 p., [1] h. pleg. ; </subfield>
    <subfield code="c">4&#xBA;.</subfield>
  </datafield>
  <datafield tag="597" ind1=" " ind2=" ">
    <subfield code="a">Sign. : [cruz latina]-5[cruz latina]4, A-Z4, 2A-2Z4, 3A-3Z4, 4A-4Q4, 4R3.</subfield>
  </datafield>
  <datafield tag="597" ind1=" " ind2=" ">
    <subfield code="a">Port. a dos tintas.</subfield>
  </datafield>
  <datafield tag="597" ind1=" " ind2=" ">
    <subfield code="a">La h. pleg. corresponde a  la "Tabula in primum sententiarum ..."</subfield>
  </datafield>
  <datafield tag="650" ind1="0" ind2="7">
    <subfield code="a">Teolog&#xED;a dogm&#xE1;tica</subfield>
    <subfield code="2">embne</subfield>
    <subfield code="9">17468</subfield>
  </datafield>
  <datafield tag="700" ind1="1" ind2=" ">
    <subfield code="a">Aleaume, Jean.</subfield>
    <subfield code="9">125599</subfield>
  </datafield>
  <datafield tag="700" ind1="1" ind2=" ">
    <subfield code="a">Wiart, Robert.</subfield>
    <subfield code="9">133926</subfield>
  </datafield>
  <datafield tag="740" ind1="0" ind2="1">
    <subfield code="a">Sententiarum libri quatuor.</subfield>
  </datafield>
  <datafield tag="852" ind1=" " ind2=" ">
    <subfield code="a">ES-MaACL</subfield>
    <subfield code="j">R-265   </subfield>
    <subfield code="z">-- Enc. piel con hierros   </subfield>
    <subfield code="z">-- Legado M. de la Fuente  </subfield>
    <subfield code="x"> OLIM: C-2863</subfield>
  </datafield>
  <datafield tag="999" ind1=" " ind2=" ">
    <subfield code="c">162000</subfield>
    <subfield code="d">162000</subfield>
  </datafield>
  <datafield tag="952" ind1=" " ind2=" ">
    <subfield code="0">0</subfield>
    <subfield code="1">0</subfield>
    <subfield code="4">0</subfield>
    <subfield code="7">0</subfield>
    <subfield code="8">LIBXVIII</subfield>
    <subfield code="a">ATENEOM</subfield>
    <subfield code="b">ATENEOM</subfield>
    <subfield code="c">DEPO</subfield>
    <subfield code="d">2008-01-17</subfield>
    <subfield code="e">SSC</subfield>
    <subfield code="l">0</subfield>
    <subfield code="o">R-265</subfield>
    <subfield code="p">1169700</subfield>
    <subfield code="r">2023-02-23 00:00:00</subfield>
    <subfield code="w">2023-02-23</subfield>
    <subfield code="y">MONANT</subfield>
  </datafield>
</record>
